00000000nam##2200000za#4500
0019.631353
003CaOODSP
00520210624214304
007cr |||||||||||
008150407|2004||||xxc|||||o    f|0| 0 fre|d
020 |a0-662-76135-9
040 |aCaOODSP|bfre
043 |an-cn---
0861 |aFs23-443/2004F-PDF
1101 |aCanada.|bMinistère des pêches et des océans.|bDirection des communications.
24510|aCadre stratégique de gestion des pêches sur la côte Atlantique du Canada |h[ressource électronique]
260 |aOttawa - Ontario : |bPêches et Océans Canada. |cc2004.
300 |a60p.|bglossaire, photographies
500 |aLe n° de catalogue (Fs23-443/2004) et l'ISBN (0-662-68036-7) de l'édition imprimée bilingue ont été incorrectement copiés dans la publication électronique.
590 |a13-14-Supp|b2013-05-30
69107|aPolitique des pêches|2gcpds
77508|tPolicy framework for the management of fisheries on Canada's Atlantic Coast |w(CaOODSP)9.686889
85640|ahttp://publications.gc.ca|qPDF|s589.7 Ko|uhttps://publications.gc.ca/collections/collection_2013/mpo-dfo/Fs23-443-2004-fra.pdf
986 |aMPO 2004-64